[Event "SWE-ch"]
[Site "Borlange"]
[Date "1992.??.??"]
[Round "12"]
[White "Ornstein, Axel"]
[Black "Hermansson, Emil"]
[Result "1/2-1/2"]
[WhiteElo "2435"]
[BlackElo "2315"]

1.Nf3 Nf6 2.c4 g6 3.g3 Bg7 4.Bg2 O-O 5.d4 d5 6.O-O Nc6 7.cxd5 Nxd5 8.e4 Nb6
9.d5 Na5 10.Qe1 Nac4 11.Nc3 c6 12.b3 Ne5 13.Nxe5 Bxe5 14.Bh6 Re8 15.Rd1 cxd5
16.exd5 Bh8 17.Qe3 Bg4 18.Rd4 Bf5 19.Rd2 Nc8 20.Bf4 Nd6 21.Be5 Bxe5 22.Qxe5 Qd7
23.h4 Bh3 24.Bxh3 Qxh3 25.Re1 a6 26.Ne2 Qf5 27.Qd4 Rac8 28.Nf4 h5 29.Rde2 Rc7
30.Re5 Qf6 31.Qe3 Rd7 32.Qd3 Kf8 33.Rg5 Rdd8 34.Kg2 Rc8 35.Nxh5 gxh5 36.Qh7 e5
37.dxe6 Rxe6 38.Rxe6 Qxe6 39.Qh8+ Ke7 40.Qxh5 Qe4+ 41.Kh2 Kd7  1/2-1/2

[Event "Bratislava op"]
[Site "Bratislava"]
[Date "1992.??.??"]
[Round "2"]
[White "Panchenko, Alexander N"]
[Black "Mrva, Martin"]
[Result "1-0"]
[WhiteElo "2465"]
[BlackElo "2375"]

1.Nf3 Nf6 2.c4 g6 3.g3 Bg7 4.Bg2 O-O 5.O-O d6 6.d4 Bg4 7.h3 Bxf3 8.Bxf3 Nc6
9.Bg2 Nd7 10.d5 Na5 11.Nd2 c6 12.Rb1 cxd5 13.cxd5 b5 14.Nf3 Rc8 15.b3 b4
16.Be3 Qc7 17.Nd4 Qb8 18.Qd2 Nc5 19.Rfc1 Rc7 20.Nc6 Nxc6 21.dxc6 Bc3 22.Rxc3 bxc3
23.Qxc3 Rd8 24.Bh6 e5 25.Qc4 Ne6 26.b4 Qb6 27.Be3 Nd4 28.a4 Rb8 29.b5 a6
30.Bxd4 exd4 31.Be4 Qa5 32.Bd3 axb5 33.axb5 Qc3 34.Qxc3 dxc3 35.Rc1 Kf8 36.Rxc3 Ke7
37.e4 Kd8 38.Ra3 Ke7 39.Ra6 Ke6 40.Kg2 Ke5 41.Kf3 Kd4 42.Ra3 Kc5 43.Kf4 h6
44.h4 Re8 45.f3 Rb8 46.Bf1 d5 47.Rc3+ Kd6 48.e5+ Ke6 49.Bh3+ f5 50.Rc5 g5+
51.Ke3 Kxe5 52.f4+ Ke6 53.Kd4 Rcc8 54.Rxd5 g4 55.Bg2 Ra8 56.Kc5 Ra2 57.Re5+ Kf6
58.Bd5 Rc2+ 59.Kd6 Rb2 60.Be6 Rb8 61.c7 Rb6+ 62.Kd7  1-0

[Event "Bratislava op"]
[Site "Bratislava"]
[Date "1992.??.??"]
[Round "4"]
[White "Zhidkov, Valery S"]
[Black "Bagaturov, Giorgi"]
[Result "1/2-1/2"]
[WhiteElo "2415"]
[BlackElo "2435"]

1.Nf3 Nf6 2.c4 g6 3.g3 Bg7 4.Bg2 O-O 5.O-O d6 6.d4 c6 7.Nc3 Nbd7 8.b3 e5
9.e4 a5 10.h3 exd4 11.Nxd4 Re8 12.Re1 Nc5 13.Bf4 Qb6 14.Be3 Bd7 15.Qc2 a4
16.Rab1 axb3 17.axb3 Qb4 18.Bd2 Qa3 19.Bc1 Qb4 20.Bd2 Qb6 21.Be3 Qd8 22.b4 Ne6
23.Rbd1 Ra3 24.Nde2 Qc7 25.Qd2 Bc8 26.Qb2 Ra8 27.Ra1 Bd7  1/2-1/2

[Event "Bratislava op"]
[Site "Bratislava"]
[Date "1992.??.??"]
[Round "5"]
[White "Kolesar, Milan"]
[Black "Certek, Pavel"]
[Result "1-0"]
[WhiteElo "2300"]
[BlackElo "2290"]

1.c4 Nf6 2.Nf3 g6 3.g3 Bg7 4.Bg2 O-O 5.d4 c6 6.Nc3 d6 7.O-O Qa5 8.h3 Be6
9.Qd3 Qa6 10.b3 d5 11.Ne5 Nfd7 12.cxd5 Qxd3 13.Nxd3 cxd5 14.Nxd5 Nc6 15.e3 Bf5
16.N3b4 Nxb4 17.Nxb4 Nf6 18.Ba3 a5 19.Nd5 Nxd5 20.Bxd5 Bxh3 21.Rfc1 Rfd8
22.Bxb7 Rab8 23.Bxe7 Rd7 24.Bc8 Rxe7 25.Bxh3 f5 26.Rc4 Kf7 27.Rac1 h5 28.Ra4 Ra8
29.Rc5 h4 30.gxh4 f4 31.Bg2 Rd8 32.Bd5+ Kf8 33.e4 Bf6 34.Rc6 Kg7 35.Rxa5 Bxd4
36.Raa6 Kh6 37.Rxg6+ Kh5 38.Kg2 f3+ 39.Kh3  1-0

[Event "Bratislava op"]
[Site "Bratislava"]
[Date "1992.??.??"]
[Round "6"]
[White "Zhidkov, Valery S"]
[Black "Mrva, Martin"]
[Result "0-1"]
[WhiteElo "2415"]
[BlackElo "2375"]

1.Nf3 Nf6 2.c4 g6 3.g3 Bg7 4.Bg2 O-O 5.O-O d6 6.d4 Bg4 7.Nc3 Qc8 8.Re1 Re8
9.Qb3 Nc6 10.d5 Bxf3 11.exf3 Nd4 12.Qd1 c5 13.dxc6 Nxc6 14.b3 d5 15.Rb1 dxc4
16.bxc4 Na5 17.f4 Qxc4 18.Nd5 Nxd5 19.Bxd5 Qa6 20.Qa4 Rab8 21.Rxb7 e6 22.Bg2 Bc3
23.Re3 Rbd8 24.Bf3 Bd4 25.Ra3 Qc4 26.Qxc4 Nxc4 27.Ra4 Rc8  0-1

[Event "Bratislava op"]
[Site "Bratislava"]
[Date "1992.??.??"]
[Round "6"]
[White "Piesina, Gintautas"]
[Black "Stratil, Petr"]
[Result "1-0"]
[WhiteElo "2415"]
[BlackElo "2255"]

1.Nf3 Nf6 2.c4 g6 3.g3 Bg7 4.Bg2 O-O 5.O-O d6 6.d4 Nbd7 7.Nc3 c6 8.e4 a6
9.h3 e5 10.Be3 Qe7 11.Re1 b5 12.c5 dxc5 13.Nxe5 Nxe5 14.dxe5 Nd7 15.f4 c4
16.Qd6 Qe6 17.Rad1 Re8 18.Qc7 Nxe5 19.Rd6 Nd3 20.Rxe6 Bxe6 21.Re2 Nxb2 22.Rxb2 Bxc3
23.Rc2 b4 24.Rxc3 bxc3 25.Qa5 Red8 26.Qxc3 Rd3 27.Qc1 Rad8 28.Kf2 Rd1 29.Qc2 f6
30.Bf1 Kg7 31.g4 c3 32.Qxc3 Bxa2 33.g5 R8d6 34.gxf6+ Kh6 35.e5 R6d5 36.e6 Rf5
37.e7  1-0

[Event "Bratislava op"]
[Site "Bratislava"]
[Date "1992.??.??"]
[Round "9"]
[White "Zhidkov, Valery S"]
[Black "Lipka, Juraj"]
[Result "0-1"]
[WhiteElo "2415"]
[BlackElo "2310"]

1.Nf3 Nf6 2.c4 g6 3.g3 Bg7 4.Bg2 O-O 5.O-O d6 6.d4 c5 7.Nc3 Nc6 8.dxc5 dxc5
9.Be3 Be6 10.Bxc5 Qa5 11.Ba3 Bxc4 12.Nd4 Nxd4 13.Qxd4 Rac8 14.Qe3 Rc7 15.Rac1 b5
16.Nxb5 Qxb5 17.b3 Ng4 18.Qf4 Be5 19.Qd2 Bxe2 20.Rfe1 Rxc1 21.Bxc1 Bd3 22.h3 Rc8
23.a4 Qc5 24.hxg4 Bc3 25.Qxd3 Bxe1 26.Be3 Qc7 27.Qa6 Rb8 28.Bf4 e5 29.Bh6 Bc3
30.Bd5 e4 31.Bxe4 Rxb3 32.Qd3 Rb8 33.Qd5 Rd8 34.Qb5 Bd4 35.Kg2 Qe7 36.Bf3 Qe1
37.Qe2 Qxe2 38.Bxe2 Bb6 39.Bb5 Rc8 40.Bd3 Rc3  0-1

[Event "Spring op"]
[Site "Budapest"]
[Date "1992.??.??"]
[Round "?"]
[White "Gyorkos, Lajos"]
[Black "Ruck, Robert"]
[Result "1/2-1/2"]
[WhiteElo "2450"]
[BlackElo "2315"]

1.Nf3 Nf6 2.g3 g6 3.Bg2 Bg7 4.c4 O-O 5.Nc3 d5 6.cxd5 Nxd5 7.O-O c5 8.Qa4 Nxc3
9.dxc3 Nd7 10.Be3 Qc7 11.Rad1 a6 12.Qh4 Nf6 13.Qc4 b6 14.Bf4 Qa7 15.Ne5 Bb7
16.Nc6 Bxc6 17.Bxc6 b5 18.Qd3 Rac8 19.Qf3 Rcd8 20.Bb7 Qb6 21.Qc6 Qxc6 22.Bxc6 b4
23.Bb7 Rd7 24.Bxa6 Ra7 25.Bc4 bxc3 26.bxc3 Ne4 27.Rc1 Nxc3 28.Rc2 Rfa8 29.Bd2 Ra3
30.Kg2 e6 31.Bxc3 Rxc3 32.Rxc3 Bxc3 33.Rd1 Ra7 34.Rd8+ Kg7 35.Rc8 Bb4 36.f4 h5
37.Kf3 Ra3+ 38.Bb3 Ra7 39.h3 Kf6 40.g4 hxg4+ 41.hxg4  1/2-1/2

[Event "Budapest ExpFS"]
[Site "Budapest"]
[Date "1992.??.??"]
[Round "?"]
[White "Csom, Istvan"]
[Black "Xie Jun"]
[Result "1-0"]
[WhiteElo "2540"]
[BlackElo "2480"]

1.c4 Nf6 2.Nf3 g6 3.g3 Bg7 4.Bg2 O-O 5.d4 c6 6.O-O d5 7.Qa4 b5 8.cxb5 cxb5
9.Qb3 a5 10.Ne5 e6 11.Bf4 Qb6 12.Rd1 Nc6 13.Nxc6 Qxc6 14.Nd2 Qb6 15.Be5 Bb7
16.Rac1 Rac8 17.Qf3 Nd7 18.Bxg7 Kxg7 19.Qf4 Rc6 20.Rxc6 Qxc6 21.Nb3 Qb6 22.Rc1 Rc8
23.Rxc8 Bxc8 24.Qc1 Ba6 25.Nc5 Qc6 26.e4 dxe4 27.Bxe4 Qd6 28.Nxa6 Qxa6 29.Qc7 Nf6
30.Bd3 a4 31.a3 Nd5 32.Qe5+ Kg8 33.Qb8+ Kg7 34.Bxb5 Qa5 35.Qe5+ Kg8 36.Bc6 h5
37.h4 Kh7 38.Kg2 Kg8 39.Qb8+ Kg7 40.Qe5+ Kg8 41.Qb8+ Kg7 42.Qb5 Qd2 43.Bxd5 exd5
44.Qxa4 Qxb2 45.Qb4 Qe2 46.a4 g5 47.hxg5 Qe4+ 48.Kg1 h4 49.Qd6 Qe1+ 50.Kg2 Qe4+
51.Kh2 hxg3+ 52.Kxg3 Qh1 53.Qh6+  1-0

[Event "Eurodata"]
[Site "Budapest"]
[Date "1992.??.??"]
[Round "1"]
[White "Anic, Darko"]
[Black "Horvath, Csaba"]
[Result "1/2-1/2"]
[WhiteElo "2395"]
[BlackElo "2515"]

1.Nf3 Nf6 2.c4 g6 3.g3 Bg7 4.Bg2 O-O 5.O-O d5 6.cxd5 Nxd5 7.d4 Nb6 8.Nc3 Nc6
9.d5 Na5 10.e4 c6 11.Bg5 h6 12.Bf4 cxd5 13.exd5 Nac4 14.Qe2 g5 15.Bc1 Bg4
16.h3 Bh5 17.g4 Bg6 18.Rd1 Rc8 19.h4 Qd7 20.hxg5 Qxg4 21.gxh6 Bf6 22.Nd4 Bh5
23.Qxg4+ Bxg4 24.f3 Bd7 25.Ne4 Nxd5  1/2-1/2

[Event "Eurodata"]
[Site "Budapest"]
[Date "1992.??.??"]
[Round "4"]
[White "Anic, Darko"]
[Black "Kindermann, Stefan"]
[Result "1/2-1/2"]
[WhiteElo "2395"]
[BlackElo "2505"]

1.Nf3 Nf6 2.c4 g6 3.g3 Bg7 4.Bg2 O-O 5.O-O d6 6.d4 Nc6 7.Nc3 a6 8.h3 Bd7
9.e4 e5 10.Be3 exd4 11.Nxd4 Re8 12.Re1 Nxd4 13.Bxd4 c5 14.Be3 Be6 15.Qd3 Qd7
16.Qf1 Rad8 17.Rad1 Qc7 18.Qd3 Qc8 19.Kh2 Nd7 20.f4 Nb8 21.f5 gxf5 22.Bg5 f6
23.Bf4 Nc6 24.exf5 Bxf5 25.Rxe8+ Rxe8 26.Qxd6 Nd4 27.Nd5 Bxh3 28.Ne7+ Rxe7
29.Qxe7 Bxg2 30.Kxg2 Qc6+ 31.Kg1 Bf8 32.Qe3 Qa4 33.Rf1 Qxc4 34.b3 Qd5 35.Qe8 Nf3+
36.Kf2 Nd4 37.Kg1 Nf3+ 38.Kf2 Nd4 39.Kg1 Nf3+  1/2-1/2

[Event "Eurodata"]
[Site "Budapest"]
[Date "1992.??.??"]
[Round "5"]
[White "Stangl, Markus"]
[Black "Horvath, Csaba"]
[Result "1/2-1/2"]
[WhiteElo "2475"]
[BlackElo "2515"]

1.Nf3 Nf6 2.c4 g6 3.g3 Bg7 4.Bg2 O-O 5.d4 c6 6.Nc3 d5 7.Qb3 dxc4 8.Qxc4 Be6
9.Qa4 Na6 10.O-O Qb6 11.Rd1 Rfd8 12.e4 Bg4 13.h3 Bxf3 14.Bxf3 Qb4 15.a3 Qxa4
16.Nxa4 e5 17.dxe5 Rxd1+ 18.Bxd1 Nxe4 19.Bc2 f5 20.exf6 Nxf6 21.Be3 Nd5 22.Bb3 Nc7
23.Rd1 Kh8 24.Bd4 Bxd4 25.Rxd4 Re8 26.Kf1 Re7 27.Rd3  1/2-1/2

[Event "Elekes mem"]
[Site "Budapest"]
[Date "1992.??.??"]
[Round "7"]
[White "Schlosser, Philipp"]
[Black "Fogarasi, Tibor"]
[Result "1-0"]
[WhiteElo "2485"]
[BlackElo "2455"]

1.Nf3 Nf6 2.c4 g6 3.g3 Bg7 4.Bg2 O-O 5.d4 d5 6.cxd5 Nxd5 7.O-O Nb6 8.Nc3 Nc6
9.d5 Na5 10.Qc2 Nxd5 11.Rd1 c6 12.Ne1 Bd7 13.Nxd5 cxd5 14.Rxd5 e6 15.Rd3 Rc8
16.Qd1 Rc7 17.Bf4 e5 18.Rc1 Nc6 19.Bd2 Qe7 20.Be3 b6 21.Be4 Rfc8 22.Rdc3 f5
23.Bd5+ Kh8 24.Nf3 h6 25.h4 Be8 26.Qd2 Kh7 27.h5 gxh5 28.Nh4 f4 29.Qd3+ Kh8
30.Bxc6 e4 31.Bxe8 Qxe8 32.Rxc7 Rxc7 33.Qa6 Rxc1+ 34.Bxc1 e3 35.gxf4 Qd8
36.Ng6+ Kh7 37.Bxe3 Kxg6 38.Kg2 Bxb2 39.Qxa7 Bd4 40.f5+ Kxf5 41.Qh7+  1-0

[Event "Elekes mem"]
[Site "Budapest"]
[Date "1992.??.??"]
[Round "7"]
[White "Holzke, Frank"]
[Black "Tolnai, Tibor"]
[Result "1-0"]
[WhiteElo "2395"]
[BlackElo "2490"]

1.Nf3 Nf6 2.c4 g6 3.g3 Bg7 4.Bg2 O-O 5.O-O d5 6.cxd5 Nxd5 7.d4 Nc6 8.Nc3 Nb6
9.e3 e5 10.d5 Na5 11.e4 c6 12.dxc6 Nxc6 13.Bg5 Qxd1 14.Rfxd1 Bg4 15.h3 Bxf3
16.Bxf3 Nd4 17.Bg2 Rac8 18.Nd5 Rc2 19.Rd2 f6 20.Be3 Rxd2 21.Bxd2 Nxd5 22.exd5 f5
23.Rd1 e4 24.Be3 Nb5 25.d6 Rd8 26.d7 Nd4 27.Rxd4 Bxd4 28.Bxd4 Rxd7 29.Bxa7 Rd2
30.Bf1 Rxb2 31.Bc4+ Kf8 32.Bc5+ Ke8 33.Be3 Rb1+ 34.Kg2 Kf8 35.g4 h5 36.gxf5 gxf5
37.Kg3 Rg1+ 38.Kh4 Ke7 39.Kxh5 Kd6 40.Bf4+ Ke7 41.Bd5 Rg2 42.Bg3 Kf6 43.Bxb7 Rg1
44.a4 Ra1 45.Bc6 Ra2 46.Bh4+ Ke5 47.Kg6 f4 48.Bf6+ Ke6 49.Bd4 Rd2 50.Ba7 e3
51.fxe3 fxe3 52.Bxe3 Rd3 53.Bf4 Rxh3 54.Kg5 Rc3 55.Bb5 Rc2 56.Kg4 Kd5 57.Kf3 Rb2
58.Be3 Rb4 59.Ke2 Kd6 60.Kd3 Kc7 61.Kc3 Rb1 62.Kc4 Kb7 63.Kc5 Re1 64.Bf4 Ka7
65.Bd6 Rh1 66.Kc6 Rh7 67.Bc5+ Kb8 68.Be2 Rh4 69.a5 Rh6+ 70.Kb5 Rh7 71.Bd6+ Ka7
72.Bc5+ Kb8 73.a6 Rf7 74.Bd3 Rg7 75.Be4 Rf7 76.Ka5 Rc7 77.Kb6 Rb7+ 78.Kc6 Rg7
79.Kd6 Rc7 80.Kd5 Rg7 81.Ke6 Rd7 82.Kf6  1-0

[Event "Donau Cup op"]
[Site "Budapest"]
[Date "1992.??.??"]
[Round "7"]
[White "Tregubov, Pavel V"]
[Black "Groszpeter, Attila"]
[Result "0-1"]
[WhiteElo "2385"]
[BlackElo "2495"]

1.Nf3 Nf6 2.c4 g6 3.g3 Bg7 4.Bg2 O-O 5.d4 d6 6.O-O Nbd7 7.Nc3 e5 8.e4 exd4
9.Nxd4 Re8 10.h3 a6 11.Be3 Rb8 12.f3 Nb6 13.Qd3 Nh5 14.g4 Ng3 15.Rfe1 h5
16.Bf2 h4 17.Rad1 Be5 18.Nde2 Be6 19.Bxb6 cxb6 20.f4 Nxe2+ 21.Nxe2 Bxb2 22.f5 Bd7
23.fxg6 fxg6 24.e5 Qg5 25.Qxd6 Ba4 26.Rd5 Bc6  0-1

[Event "Eurodata"]
[Site "Budapest"]
[Date "1992.??.??"]
[Round "8"]
[White "Anic, Darko"]
[Black "David, Alberto"]
[Result "1/2-1/2"]
[WhiteElo "2395"]
[BlackElo "2365"]

1.Nf3 Nf6 2.c4 g6 3.g3 Bg7 4.Bg2 O-O 5.O-O d6 6.d4 Nc6 7.Nc3 a6 8.h3 Bd7
9.e4 e5 10.Be3 b5 11.d5 Na5 12.Nd2 bxc4 13.Qe2 Qc8 14.Kh2 Rb8 15.Rfb1 c6
16.Bg5 cxd5 17.Bxf6 Bxf6 18.Nxd5 Bd8 19.b4 cxb3 20.axb3 Bb5 21.Qe3 Nc6 22.Rc1 Qe6
23.Nf3 f5  1/2-1/2

[Event "Eurodata"]
[Site "Budapest"]
[Date "1992.??.??"]
[Round "12"]
[White "Stangl, Markus"]
[Black "David, Alberto"]
[Result "1-0"]
[WhiteElo "2475"]
[BlackElo "2365"]

1.Nf3 Nf6 2.c4 g6 3.g3 Bg7 4.Bg2 O-O 5.d4 d6 6.O-O Nbd7 7.Qc2 e5 8.Rd1 exd4
9.Nxd4 Qe7 10.Nc3 c6 11.h3 a5 12.e4 Re8 13.Bf4 Nh5 14.Be3 Nc5 15.Re1 Qc7
16.Rad1 Nf6 17.Bf4 Nfd7 18.Nb3 Be5 19.Be3 Bg7 20.Bd4 Be5 21.Kh2 Ne6 22.Be3 Bg7
23.Nd4 Nec5 24.b3 Qb6 25.Nde2 Qc7 26.Qd2 Bf8 27.Bd4 Ne5 28.f4 Ned3 29.Rf1 a4
30.Nxa4 Nxa4 31.Qxd3 Nc5 32.Qc2 Ne6 33.Ba1 Qa5 34.Nc3 Bg7 35.Rxd6 Nd4 36.Qd3 Qc5
37.e5  1-0

[Event "Inauguracio op"]
[Site "Buenos Aires"]
[Date "1992.??.??"]
[Round "?"]
[White "Krogius, Nikolai V"]
[Black "Schuster, Carlos"]
[Result "1-0"]
[WhiteElo "2500"]
[BlackElo "2280"]

1.Nf3 Nf6 2.c4 g6 3.g3 Bg7 4.Bg2 O-O 5.O-O d6 6.d4 Nbd7 7.Nc3 c6 8.h3 Qc7
9.e4 e5 10.Be3 Re8 11.Re1 exd4 12.Nxd4 Nc5 13.Qc2 a5 14.Rad1 Bd7 15.Nb3 Ne6
16.Qd2 a4 17.Nc1 Bf8 18.Nd3 Red8 19.Qc2 Qa5 20.b4 axb3 21.axb3 Bg7 22.b4 Qa6
23.c5 Qc4 24.cxd6 Nxe4 25.Bxe4 Qxc3 26.Qb1 Qc4 27.Bb6 Ra1 28.Qxa1 Bxa1 29.Rxa1 f6
30.Bxd8 f5 31.Ne5 Qxb4 32.Be7 Nc5 33.Bg2 Kg7 34.Rab1 Qc3 35.Nxd7 Nxd7 36.Re3 Qd2
37.Rxb7  1-0

[Event "Wch U20"]
[Site "Buenos Aires"]
[Date "1992.??.??"]
[Round "?"]
[White "Petrov, Jole"]
[Black "Ciemniak, Robert"]
[Result "1-0"]
[WhiteElo "2360"]
[BlackElo "2415"]

1.c4 Nf6 2.g3 g6 3.Bg2 Bg7 4.Nf3 O-O 5.O-O d6 6.d4 Nc6 7.Nc3 a6 8.b3 Rb8
9.Bb2 Bd7 10.d5 Na5 11.Nd4 c5 12.dxc6 bxc6 13.Qd2 c5 14.Nf3 Bc6 15.Rad1 Ng4
16.Ba1 Nb7 17.Nd5 Bxa1 18.Rxa1 e6 19.Nc3 f5 20.Qg5 Nf6 21.Rfd1 Qc7 22.Qh4 Rbe8
23.Qf4 Qg7 24.Ne1 e5 25.Qd2 e4 26.f4 Rd8 27.Nd5 Bxd5 28.cxd5 Ng4 29.Nc2 Rc8
30.Ne3 Nxe3 31.Qxe3 Rf7 32.Rac1 Qb2 33.Qd2 Qa3 34.e3 a5 35.Rc4 Qb4 36.Rxb4 axb4
37.Bf1 Ra8 38.Bb5 Ra5 39.Ba4 Nd8 40.Rc1 Rb7 41.Qb2 Rf7 42.Be8 Re7 43.Ba4 Rf7
44.Rc2 Ra6 45.a3 Rb6 46.axb4 Rxb4 47.Rc4 Rb8 48.Qc3 Rfb7 49.Qf6 Nf7 50.h4 Rb6
51.h5 g5  1-0

[Event "Buenos Aires"]
[Site "Buenos Aires"]
[Date "1992.??.??"]
[Round "?"]
[White "Szmetan, Jorge"]
[Black "Zarnicki, Pablo"]
[Result "0-1"]
[WhiteElo "2400"]
[BlackElo "2385"]

1.Nf3 Nf6 2.c4 g6 3.g3 Bg7 4.Bg2 O-O 5.O-O d6 6.d4 Nbd7 7.Nc3 e5 8.e4 c6
9.Rb1 exd4 10.Nxd4 Re8 11.h3 a5 12.Be3 Nc5 13.Qc2 Qe7 14.Rbe1 Bd7 15.Nb3 Ne6
16.f4 a4 17.Nc1 a3 18.b4 h5 19.Nb3 Nh7 20.Ne2 f5 21.exf5 gxf5 22.Bf2 Nef8
23.Qd3 Nf6 24.Nc3 Qf7 25.Nd2 h4 26.Nf3 Ne4 27.Ng5 Nxf2 28.Kxf2 Qf6 29.Ne2 hxg3+
30.Kxg3 Re7 31.Ng1 Ng6 32.Rxe7 Qxe7 33.N1f3 Nxf4 34.Kxf4 Be5+ 35.Ke3 Bg3+
36.Kd2 Bf4+ 37.Kc2 Bxg5 38.Nxg5 Qxg5 39.Bf3 Qf6 40.Rg1+ Kf8 41.Qc3 Qxc3+
42.Kxc3 Kf7 43.Bh5+ Kf6 44.Kd4 Rh8 45.Rg6+ Ke7 46.Rg7+ Kd8 47.Rg5 Be6 48.Kc3 b5
49.c5 Bxa2 50.Rxf5 Be6 51.Rg5 dxc5 52.bxc5 b4+  0-1

[Event "Buenos Aires CA"]
[Site "Buenos Aires"]
[Date "1992.??.??"]
[Round "3"]
[White "Giardelli, Sergio C"]
[Black "Bronstein, Luis"]
[Result "0-1"]
[WhiteElo "2430"]
[BlackElo "2365"]

1.c4 Nf6 2.Nf3 g6 3.g3 Bg7 4.Bg2 O-O 5.Nc3 d5 6.cxd5 Nxd5 7.O-O c5 8.Qb3 e6
9.d3 Nc6 10.Bg5 Nd4 11.Nxd4 Qxg5 12.Nxd5 exd5 13.Nb5 c4 14.Qa3 Bg4 15.Rfe1 Qe5
16.Rad1 Qxb2 17.Qxb2 Bxb2 18.Bxd5 c3 19.Bb3 Rfd8 20.Rb1 Kg7 21.f3 Bd7 22.Nd6 Be6
23.Bxe6 Rxd6 24.Bb3 b5 25.Rbd1 Rad8 26.Kf2 a5  0-1

[Event "Calcutta"]
[Site "Calcutta"]
[Date "1992.??.??"]
[Round "5"]
[White "Pavanasam, Ananchaperumal"]
[Black "Vijayakumar, G."]
[Result "1-0"]
[WhiteElo "2260"]
[BlackElo "2310"]

1.Nf3 Nf6 2.g3 g6 3.Bg2 Bg7 4.c4 O-O 5.d4 d5 6.cxd5 Nxd5 7.O-O Nc6 8.Nc3 Nb6
9.e3 Bf5 10.b3 e5 11.Nxe5 Nxe5 12.dxe5 Bxe5 13.Bb2 c6 14.e4 Be6 15.Qc2 Bg7
16.Rad1 Qc8 17.f4 Bh3 18.e5 Bxg2 19.Kxg2 Rd8 20.Rxd8+ Qxd8 21.Rd1 Qe7 22.Ne4 Nd5
23.Qd2 Rd8 24.Qd4 a6 25.Kf2 Rd7 26.Rd2 Qe6 27.Nc5 Qh3 28.Nxd7 Qxh2+ 29.Kf3 Qh5+
30.Kg2  1-0

[Event "Calcutta"]
[Site "Calcutta"]
[Date "1992.??.??"]
[Round "5"]
[White "Khasin, Alexander"]
[Black "Bhave, Ravi"]
[Result "1-0"]
[WhiteElo "2455"]
[BlackElo "2255"]

1.c4 Nf6 2.Nf3 g6 3.g3 Bg7 4.Bg2 O-O 5.Nc3 d6 6.O-O Nc6 7.Rb1 a5 8.a3 Bg4
9.b4 axb4 10.axb4 e5 11.d3 Qd7 12.Re1 Bh3 13.Bh1 h6 14.b5 Ne7 15.Bb2 Ng4
16.d4 Qe6 17.Nd5 Nxd5 18.cxd5 Qxd5 19.dxe5 Qxd1 20.Rexd1 dxe5 21.Rdc1 Ra2
22.Rxc7 Rd8 23.Bc3 b6 24.Nd2 Raxd2 25.Bxd2 Rxd2 26.Rb7 Bf8 27.Rxb6 Bc5 28.Rb8+ Kg7
29.Bf3 Bxf2+ 30.Kh1 Ne3 31.b6 Ng4 32.b7 Ba7 33.Ra8 Nf2+ 34.Kg1  1-0

[Event "Cannes op"]
[Site "Cannes"]
[Date "1992.??.??"]
[Round "?"]
[White "Mednis, Edmar John"]
[Black "Kleinplatz, Sam"]
[Result "1-0"]
[WhiteElo "2460"]
[BlackElo "2315"]

1.c4 Nf6 2.g3 g6 3.Bg2 Bg7 4.Nf3 O-O 5.O-O d5 6.cxd5 Nxd5 7.Nc3 Nb6 8.d3 Nc6
9.Be3 Nd4 10.Nxd4 Bxd4 11.Bh6 Re8 12.Qc2 c6 13.Ne4 Nd5 14.e3 Bg7 15.Bxg7 Kxg7
16.a3 Qb6 17.Nc5 Rd8 18.d4 Nc7 19.Rfd1 Bf5 20.Qc3 Nb5 21.Qb4 Nd6 22.d5 cxd5
23.Bxd5 Rac8 24.Qd4+ f6 25.b4 e5 26.Ne6+ Bxe6 27.Qxb6 axb6 28.Bxe6 Rc3 29.Rac1 Rxc1
30.Rxc1 Ne8 31.Bc8 Rd3 32.a4 f5 33.Bxb7 Rd7 34.Bc6 Rc7 35.b5 Nd6 36.Rd1 Nc4
37.Rd8 Kf6 38.Bd5 Nb2 39.Rd6+ Kg5 40.Rxb6 Nxa4 41.Rc6 Ra7 42.f4+ exf4 43.exf4+ Kh6
44.Ra6 Rd7 45.Rxa4 Rxd5 46.Rb4 Rd8 47.b6 Kg7 48.b7 Rb8 49.Kf2 Kf6 50.Ke3 Ke6
51.Kd4 Kd6 52.Rb6+ Kc7 53.Kc5  1-0

[Event "Cannes Martinez op"]
[Site "Cannes"]
[Date "1992.??.??"]
[Round "?"]
[White "Anic, Darko"]
[Black "Guglielmi, Riccardo"]
[Result "1-0"]
[WhiteElo "2395"]
[BlackElo "2250"]

1.Nf3 Nf6 2.c4 g6 3.g3 Bg7 4.Bg2 O-O 5.O-O c5 6.d4 cxd4 7.Nxd4 Nc6 8.Nc3 a6
9.c5 Qa5 10.Nb3 Qc7 11.Bf4 Qd8 12.Rc1 b5 13.cxb6 Qxb6 14.Na4 Qa5 15.Nd2 Qh5
16.h3 g5 17.g4 Qg6 18.Bg3 h5 19.Nb6 Ra7 20.Qa4 hxg4 21.hxg4 Rd8 22.Rfd1 Bb7
23.Nb3 Nb8 24.Na5 Bxg2 25.Nc8 d6 26.Kxg2 Rad7 27.f3 Ne8 28.Qb3 Qe6 29.Qxb8 Qxe2+
30.Bf2 Bxb2 31.Re1 Qd2 32.Nc4 Qxc1 33.Rxc1 Bxc1 34.Nxe7+ Kf8 35.Qb1 Bf4 36.Nd5 Be5
37.Qf5 Bg7 38.Bb6  1-0

[Event "Cannes op"]
[Site "Cannes"]
[Date "1992.??.??"]
[Round "?"]
[White "Rotstein, Arkadij"]
[Black "Spraggett, Kevin"]
[Result "0-1"]
[WhiteElo "2410"]
[BlackElo "2545"]

1.Nf3 Nf6 2.c4 g6 3.g3 Bg7 4.Bg2 O-O 5.O-O d6 6.Nc3 c6 7.d3 Re8 8.Rb1 e5
9.e4 Nbd7 10.b4 a6 11.h3 a5 12.a3 Nf8 13.Be3 h6 14.Nd2 Ne6 15.Nb3 axb4 16.axb4 Ng5
17.Kh2 Qd7 18.g4 Qe7 19.f3 Ne6 20.Ne2 d5 21.Qd2 dxc4 22.dxc4 h5 23.Ra1 Rxa1
24.Rxa1 hxg4 25.hxg4 Nh7 26.Nc5 Nxc5 27.Bxc5 Qh4+ 28.Kg1 Rd8 29.Qc3 Ng5 30.Bb6 Re8
31.Bf2 Nh3+ 32.Bxh3 Qxh3 33.Bg3 f5 34.gxf5 gxf5 35.Rd1 f4 36.Bh2 Re6 37.Rd8+ Kh7  0-1

[Event "Cannes op"]
[Site "Cannes"]
[Date "1992.??.??"]
[Round "?"]
[White "Rotstein, Arkadij"]
[Black "Etchegaray, Patrice"]
[Result "1-0"]
[WhiteElo "2410"]
[BlackElo "2255"]

1.c4 g6 2.g3 Bg7 3.Bg2 Nf6 4.Nf3 O-O 5.O-O c6 6.d4 d6 7.b3 a5 8.Nc3 Bf5 9.Nh4 Bd7
10.Bb2 Qc8 11.Na4 Qc7 12.e4 Bg4 13.Qd2 e5 14.h3 Bc8 15.Rad1 b5 16.cxb5 cxb5
17.Rc1 Qa7 18.dxe5 dxe5 19.Nc5 Nh5 20.Qd6 Re8 21.Qd3 Qb6 22.Rfd1 Na6 23.Qd5 Ra7
24.Nxa6 Rxa6 25.Bf1 b4 26.Bxa6 Qxa6 27.Kh2 Qf6 28.Rc2 Rf8 29.Ng2 Be6 30.Qxa5 Qf3
31.Rd8 Bxh3 32.Rxf8+ Bxf8 33.Nh4 Qxe4 34.Qxe5 Qxe5 35.Bxe5 Be6 36.Rd2 Be7
37.Nf3 Nf6 38.Bd6 Bxd6 39.Rxd6 Ne4 40.Rd8+ Kg7 41.Nd4 Nc3 42.Nxe6+ fxe6 43.Ra8 Kf6
44.a3 bxa3 45.Rxa3 h5 46.b4 Nd5 47.b5 g5 48.Rb3 Nb6 49.Rc3  1-0

[Event "Cannes op"]
[Site "Cannes"]
[Date "1992.??.??"]
[Round "?"]
[White "Mednis, Edmar John"]
[Black "Littlewood, John Eric"]
[Result "1-0"]
[WhiteElo "2460"]
[BlackElo "2330"]

1.c4 Nf6 2.g3 g6 3.Bg2 Bg7 4.Nf3 O-O 5.O-O d6 6.d4 Nbd7 7.Nc3 e5 8.e4 exd4
9.Nxd4 Re8 10.h3 c6 11.Be3 Nc5 12.Qc2 Qe7 13.Rfe1 Bd7 14.f3 Nh5 15.Kh2 Qf8
16.Rad1 f5 17.exf5 gxf5 18.f4 Qf7 19.Nb3 Ne4 20.Nxe4 fxe4 21.Rxd6 Be6 22.Nc5 Nf6
23.Rxe6 Rxe6 24.Nxe6 Qxe6 25.Bd4 Re8 26.Bxf6 Qxf6 27.Bxe4 Kh8 28.b3 h5 29.h4 Bh6
30.Qe2 Qf7 31.Qf3 Re6 32.Re2 Rf6 33.f5 Bf8 34.Bd3 Bd6 35.Qe4 Qc7 36.Re3 Qa5
37.Re2 Qc3 38.Qf3 Kg7 39.Kg2 Qd4 40.Qe3 Bc5  1-0

[Event "JUG-chT"]
[Site "Cetinje"]
[Date "1992.??.??"]
[Round "?"]
[White "Paunovic, Dragan"]
[Black "Kostic, V Vladimir"]
[Result "1/2-1/2"]
[WhiteElo "2440"]
[BlackElo "2325"]

1.Nf3 Nf6 2.c4 g6 3.g3 Bg7 4.Bg2 O-O 5.d4 d6 6.O-O Nbd7 7.Qc2 e5 8.Rd1 exd4
9.Nxd4 Re8 10.Nc3 a6 11.h3 Rb8 12.a4 Qe7 13.Bg5 h6 14.Nd5 Qd8 15.Bf4 Nxd5
16.cxd5 a5 17.e4 Nc5 18.Nb3 Nxb3 19.Qxb3 Bd7 20.Qc2 b5 21.axb5 Rxb5 22.Rab1 Qb8
23.b3 Qb7 24.Rdc1 Rc5 25.Qd2 Rxc1+ 26.Rxc1 g5 27.Be3 c5 28.dxc6 Bxc6 29.Qxa5 Bxe4
30.Rc7 Qa8 31.Ra7 Qc6 32.Rc7 Qa8 33.Ra7 Qc6 34.Ra6 Qc2 35.Qb5 Re6 36.Qc4  1/2-1/2

[Event "JUG-chT"]
[Site "Cetinje"]
[Date "1992.??.??"]
[Round "?"]
[White "Demina, Julia"]
[Black "Pihajlic, Amalija"]
[Result "1/2-1/2"]
[WhiteElo "2385"]
[BlackElo "2080"]

1.Nf3 Nf6 2.c4 g6 3.g3 Bg7 4.Bg2 O-O 5.d4 d6 6.O-O Nbd7 7.Qc2 e5 8.Rd1 Qe7
9.Nc3 c6 10.b3 Ne8 11.Ba3 f5 12.dxe5 Nxe5  1/2-1/2

[Event "CSR-chT"]
[Site "CSR"]
[Date "1992.??.??"]
[Round "?"]
[White "Konopka, Michal"]
[Black "Likavsky, Tomas"]
[Result "1-0"]
[WhiteElo "2360"]
[BlackElo "2250"]

1.Nf3 Nf6 2.c4 g6 3.g3 Bg7 4.Bg2 O-O 5.d4 c6 6.O-O d5 7.b3 Bf5 8.Bb2 Ne4
9.Nbd2 Nd7 10.e3 b5 11.Nh4 bxc4 12.Nxf5 gxf5 13.Nxe4 fxe4 14.bxc4 Qa5 15.cxd5 cxd5
16.Qb3 e6 17.Bc3 Qa6 18.Rfc1 Rab8 19.Bf1 Rxb3 20.Bxa6 Rb6 21.Bf1 Rc8 22.Ba5 Rxc1
23.Rxc1 Rb2 24.a4 Nb6 25.Bb5 Bf8 26.Rc7 Nc4 27.Bxc4 dxc4 28.Rxc4 Bd6 29.Rc6 Bb4
30.Bxb4 Rxb4 31.Ra6 Rb7 32.g4 h5 33.gxh5 Kg7 34.Kg2 Kh6 35.d5 Kxh5 36.dxe6 f5
37.Rd6 Re7 38.Kg3 Kg5 39.h4+ Kf6 40.Kf4 Rh7 41.e7+ Kxe7 42.Ra6 Rxh4+ 43.Kxf5 Rh2
44.Ke5 Rxf2 45.Rxa7+ Kd8 46.Kxe4 Kc8 47.Ke5  1-0

[Event "CSR-chT"]
[Site "CSR"]
[Date "1992.??.??"]
[Round "?"]
[White "Jirovsky, Milos"]
[Black "Horak, Michal"]
[Result "1-0"]
[WhiteElo "2425"]
[BlackElo "2300"]

1.Nf3 Nf6 2.c4 g6 3.g3 Bg7 4.Bg2 O-O 5.O-O d6 6.Nc3 Nc6 7.d3 e5 8.Rb1 a5
9.a3 h6 10.b4 axb4 11.axb4 Be6 12.Nd2 d5 13.cxd5 Nxd5 14.Nde4 f5 15.Nxd5 Bxd5
16.Nc5 Bxg2 17.Kxg2 Kh7 18.Kg1 Qe7 19.Be3 b6 20.b5 bxc5 21.bxc6 f4 22.Bd2 fxg3
23.hxg3 Ra6 24.Qc2 Rxc6 25.Be3 Rf5 26.Qc4 Qe6 27.Rfc1 e4 28.dxe4 Re5 29.Qxe6 Rexe6
30.Rc4 Rb6 31.Rd1 Rbd6 32.Rdc1 Bd4 33.Bxd4 Rxd4 34.Rxd4 cxd4 35.Rxc7+ Kg8
36.f3 Rd6 37.Rc1 d3 38.e3 Kf7 39.e5 Rd5 40.f4 Ke6 41.Kf2 h5 42.Rc6+  1-0